| 000 | 00426nam a22001817a 4500 | ||
|---|---|---|---|
| 003 | CEME | ||
| 005 | 20210628202233.0 | ||
| 008 | 210301b xxu||||| |||| 00| 0 eng d | ||
| 020 | _a969-35-0464-X | ||
| 040 | _c. | ||
| 082 | _a891.4393 INT | ||
| 100 |
_aIntizar Hussain _99473 |
||
| 245 | _aBasti, novel | ||
| 260 |
_aLAHORE _bSANG-E-MEEL _c2000 |
||
| 300 | _a255P | ||
| 650 |
_aURDU ADAB-NOVEL _920918 |
||
| 942 |
_cBK _2ddc |
||
| 999 |
_c569007 _d569007 |
||